El parque

Saved in:
Bibliographic Details
Other Authors: Martínez, Maite.
Format: Book
Language:Spanish
Published: Milán, Italia : Happy Books, 1995
Textbook Catalogue:MANES:  Library Catalog Search Result
Textbook Classification:
Series:Jugar a saber
Tags: Add Tag
No Tags, Be the first to tag this record!
Added to:1999-11-29
Changed in:2025-05-07

MARC

LEADER 00000cam a2200000 i 4500
005 20250507134617.0
008 000000s1995 it a 000 0 spa d
040 |a uned  |b spa  |c entro-manes 
245 0 3 |a El parque /  |c ilustraciones, Maite Martínez 
260 |a Milán, Italia :  |b Happy Books,  |c 1995 
300 |a [12] p. :  |b il. 
490 0 |a Jugar a saber 
546 |a España 
561 |5 es-BUNED  |3 XX(597503.1)MANES  |a España. Fondo Manes UNED  |k MANES 
691 0 |a PRI 
700 1 |a Martínez, Maite.  |9 41415 
942 |2 ddc  |c BK 
999 |c 98546  |d 98546 
999 |c manes:98546  |d 98546